000 00461nam a2200181Ia 4500
001 4519
005 20260306145802.0
008 260306t1991||||xx |||||||||||||| ||spa||
041 _aESP
082 _a324.2
_bD69
100 _aDíaz Herrera, José
_eAUT
245 0 _aEl dinero del poder:
_bla trama económica en la España socialista
260 _c1991
300 _a713 páginas :
_c22 cm.
650 _aGEN
654 _aCDE
942 _cLIB
_dJUS
_fJUS
_2ddc
_n
999 _c4519
_d4519